000 00316nam a2200109 4500
082 _a658.568 V138c
100 _aVaughn, Richard C.
245 _aControl de calidad / Richard C. Vaughn
260 _aMexico : Limusa
300 _a293p. / 22 cm.
650 _a1. CONTROL DE CALIDAD \ 2. CONTROL DE LA VARIEDAD DEL PROCESO
999 _c23562
_d23562